00776nam a2200205Ia 4500003000900000008004100009020001800050040001600068080002200084111009500106245015700201260004200358300001500400490002600415650004100441650002500482650001800507650002000525700002500545IN-BaIIA211028s9999 xx 000 0 eng d a90-277-0576-3 cIIA Library a082.2:52bIAU-S68 aInternational Astronomical Union Symposiumn68thcBuenos Aires, Argentinad1974 Jun. 11-14 0aSolar gamma, x-, and euv radiationbproceedings of the IAU symposium no. 68, held in Buenos Aires, Argentina, June 11-14, 1974cedited by Sharad R. Kane aDordrechtbD. Reidel Publishingc1975 axii, 439p. aIAU Symposium; no. 68 aAstronomy and Astrophysics Thesaurus aGamma rays astronomy aSolar physics aX-ray astronomy aKane, Sharad R., ed.